1871 1556 1313 1668 1830 1975 1585 1907 1344 1938 1874 1183 1063 1660 1997 1957 1518 1073 1615 1046 1439 1729 1958 1402 1960 1049 1654 1667 1357 1852 1179 1221 1320 1529 1037 1380 1597 1501 1744 1856 1243 1536 1138 1614 1530 1851 1274 1407 1367 1530 1512 1882 1019 1664 1285 1467 1426 1425 1206 1060 1505 1446 1984 1373 1789 1756 1813 1410 1018 1596 1595 1832 1066 1585 1296 1009 1557 1579 1307 1891 1855 1397 1282 1500 1882 1605 1158 1497 1694 1497 1727 1791 1961 1824 1322 1365 1360 1845 1570 BCNSPRNW ULIB Ver.6.0+V

เปลี่ยนเป็นภาษาไทย

Change to English
 แสดงรายละเอียดบรรณานุกรม
  กลับหน้าหลัก

Brief Record : Get Marc (ISO 2709) : E-mail record : QR code < ปิดหน้าต่าง
LEADER : 00000nam 2200000uu 4500
001    13399114866
003     ULIB
008    120611s2546||||th 000 0 tha d
020    ^a9748222896
060 04 ^aWA546^bก111บ 2546
100 0  ^aพรทิพย์ สุประดิษฐ์
245 00 ^aบทเรียนการสร้างสรรค์ชุมชนน่าอยู่ /^cคณะผู้วิจัย, พรทิพย์ สุประดิษฐ์
260    ^a[นนทบุรี] :^bกรม,^c2546
300    ^a254 หน้า :^bภาพประกอบ ;^c26 ซม.
500    ^aSend to Single Search
650  4 ^aสาธารณสุข
650  4 ^aอนามัยชุมชน
710 2  ^aกรมสนับสนุนบริการสุขภาพ. ^bกองสนับสนุนสุขภาพภาคประชาชน
945    ^p0^l0^i12603
945    ^p0^l0^i12604
945    ^p0^l0^i12539
995    ^aกัณชพร
999 ^a ใช้งานได้ทุกระบบ
รายการนี้ยังไม่มีแท็ก
คุณยังไม่ได้ล็อกอิน คุณสามารถมีกิจกรรมร่วมกับเว็บไซต์ได้ แต่ต้องล็อกอินก่อน ::
  ล็อกอิน

รายการสื่อสารสนเทศ

ลำดับที่ ประเภท เลขเรียก/บาร์โค้ด สถานที่ สถานะ
- ไม่พบข้อมูล -

รายการใกล้เคียง
    ผู้แต่ง [พรทิพย์ สุประดิษฐ์]

    หัวเรื่อง [สาธารณสุข]
    หัวเรื่อง [อนามัยชุมชน]

BibComment


ยังไม่เคยถูกคอมเมนท์

คอมเมนท์ทรัพยากรรายการนี้
  คอมเมนท์: บทเรียนการสร้างส..


 Copyright 2026. Bcnsprnw @Library